MultiComfort House, Dubaj

Enregistré dans:
Détails bibliographiques
Auteur principal: Štulrajter, Ľubomír (Auteur)
Autres auteurs: Paňák, Pavel (Directeur de thèse)
Format: Manuscrit Livre
Langue:slovaque
Publié: 2018
Sujets:
Accès en ligne:http://is.stuba.sk/zp/portal_zp.pl?podrobnosti=138372
https://opac.crzp.sk/?fn=detailBiblioForm&sid=752BE197E3AE405D408AF879404B
Tags: Ajouter un tag
Pas de tags, Soyez le premier à ajouter un tag!

MARC

LEADER 00000ntm a22000003a 4500
001 stuzp68350
003 SK-STU
005 20230719144510.9
007 ta
008 150427s2015----xo-----f-mn---000-0-slo-d
040 |a STU  |b slo 
041 0 |a slo 
100 1 |a Štulrajter, Ľubomír  |u 010310  |4 aut  |U SvF Stavebná fakulta  |T SvF Katedra architektúry  |X 56498  |U V181|V310  |Y 19  |7 56498 
242 0 1 |a MultiComfort House, Dubai  |y eng 
245 1 0 |a MultiComfort House, Dubaj 
260 |c 2018 
650 4 |a história  |2 slo 
650 4 |a identita  |2 slo 
650 4 |a hustota  |2 slo 
650 4 |a Dubaj  |2 slo 
650 4 |a bytový dom  |2 slo 
650 4 |a klíma  |2 slo 
650 4 |a identity  |2 eng 
650 4 |a residential house  |2 eng 
650 4 |a history  |2 eng 
650 4 |a density  |2 eng 
650 4 |a climate  |2 eng 
650 4 |a Dubai  |2 eng 
700 1 |a Paňák, Pavel  |u 050900  |k Z1  |4 ths  |U FAD Fakulta architektúry  |T FA Dekanát  |X 70322  |U A0900  |Y 158  |7 A000070322 
856 4 |u http://is.stuba.sk/zp/portal_zp.pl?podrobnosti=138372 
856 4 |u https://opac.crzp.sk/?fn=detailBiblioForm&sid=752BE197E3AE405D408AF879404B